Documents on the History of European Integration

Guardado en:
Detalles Bibliográficos
Otros Autores: Lipgens, Walter
Formato: Libro
Lenguaje:inglés
Publicado: Berlin Gruyter 1986
Edición:1. ed.
Materias:
Etiquetas: Agregar Etiqueta
Sin Etiquetas, Sea el primero en etiquetar este registro!

MARC

LEADER 00000nam a2200000 4500
001 c000752
005 20221220071327.8
020 |a 3-11-010338-9 
041 0 |a eng 
044 |a DE 
245 1 0 |a Documents on the History of European Integration  |c Red. Walter Lipgens 
250 |a 1. ed. 
264 1 |a Berlin  |b Gruyter  |c 1986 
300 |a 847 s. 
610 2 0 |a história 
610 2 0 |a dejiny hospodárske 
610 2 0 |a Európa 
610 2 0 |a integrácia ekonomická medzinárodná 
610 2 0 |a Veľká Británia 
610 2 0 |a 1939-1945 
610 2 0 |a Európska únia 
610 2 0 |a federácia 
610 2 0 |a plánovanie 
700 1 |a Lipgens, Walter